000 00772nam a2200217 u 4500
005 20240207063549.0
008 141110s1997 r 000 0 eng d
020 _a9688426466
035 _aUPN01000200648
049 _aCG
050 4 _aHQ1236.5 M6
_bT8.5
100 1 _aTuñón Pablos, Esperanza
_936378
245 1 0 _aMujeres en escena :
_bde la tramoya al protagonismo : el quehacer político del movimiento amplio de mujeres en México (1982-1994) /
_cEsperanza Tuñón Pablos.
260 _aMéxico :
_bUNAM :
_bMiguel Angel Porrúa,
_c1997.
300 _a143 p.
440 4 _aLas ciencias sociales.
_pEstudios de género
650 4 _aMujeres
_xActividad política
_zMéxico
_917499
650 4 _aFeminismo
_zMéxico
_93816
905 _aLibro
999 _c172749
_d172749